[Event "Mezokovesd Hegedus Memorial 4th"]
[Site "Mezokovesd"]
[Date "2023.12.28"]
[Round "4"]
[White "Molnar, Laszlo Levente"]
[Black "Hajdu, Istvan"]
[Result "1/2-1/2"]
[WhiteElo "1310"]
[BlackElo "1839"]
[PlyCount "52"]
[EventDate "2023.12.27"]
[EventType "swiss"]
[EventRounds "6"]
[EventCountry "HUN"]
[SourceTitle "CB01_2024"]
[SourceDate "2024.01.03"]
[SourceVersion "1"]
[SourceVersionDate "2024.01.03"]
[SourceQuality "1"]

1. d4 Nc6 2. Bf4 d5 3. e3 Bf5 4. c3 Nf6 5. Nf3 e6 6. Be2 Bd6 7. Bg3 Ne4 8. Bd3 Nxg3 9. hxg3 Bxd3 10. Qxd3 h6 11. Nbd2 a6 12. 0-0 0-0 13. Rac1 b5 14. Rfe1 f5 15. b3 Ba3 16. Rc2 Bd6 17. Rb1 Qf6 18. a4 Rab8 19. Ra2 g5 20. axb5 axb5 21. Ra6 Ne7 22. c4 bxc4 23. bxc4 Rxb1+ 24. Qxb1 c6 25. c5 Bc7 26. Qb7 g4 1/2-1/2

[Event "Szolnok Agora op 2nd"]
[Site "Szolnok"]
[Date "2023.07.02"]
[Round "7"]
[White "Petnehazi, Peter"]
[Black "Molnar, Laszlo Levente"]
[Result "0-1"]
[WhiteElo "1166"]
[BlackElo "1288"]
[PlyCount "82"]
[EventDate "2023.06.29"]
[EventType "swiss"]
[EventRounds "7"]
[EventCountry "HUN"]
[SourceTitle "EXT 2024"]
[Source "ChessBase"]
[SourceDate "2023.10.10"]
[SourceVersion "1"]
[SourceVersionDate "2023.10.10"]
[SourceQuality "1"]

1. d4 Nf6 2. c4 g6 3. Nc3 Bg7 4. e4 d6 5. f3 Nbd7 6. Nge2 0-0 7. Ng3 e5 8. d5 a5 9. Bg5 Nc5 10. h4 c6 11. h5 Qc7 12. Qd2 Re8 13. Bh6 Bxh6 14. Qxh6 Ra7 15. Qg5 Qe7 16. Nf5 Bxf5 17. exf5 e4 18. 0-0-0 exf3 19. Kb1 Nfe4 20. Qxe7 Rxe7 21. Nxe4 Nxe4 22. Rc1 Nd2+ 23. Kc2 Nxf1 24. Rhxf1 fxg2 25. Rg1 Re2+ 26. Kc3 cxd5 27. cxd5 Ra8 28. Kb3 Rae8 29. Rc7 b5 30. fxg6 R8e3+ 31. Rc3 Rxc3+ 32. Kxc3 fxg6 33. hxg6 hxg6 34. a3 Kg7 35. b3 Kf6 36. a4 bxa4 37. bxa4 Ke5 38. Kc4 Rc2+ 39. Kb3 Rf2 40. Kc4 Kf4 41. Kb5 Kg3 0-1

[Event "Szolnok Agora op 2nd"]
[Site "Szolnok"]
[Date "2023.07.01"]
[Round "5"]
[White "Gaspar, Muriel Aranka"]
[Black "Molnar, Laszlo Levente"]
[Result "1/2-1/2"]
[WhiteElo "1461"]
[BlackElo "1288"]
[PlyCount "72"]
[EventDate "2023.06.29"]
[EventType "swiss"]
[EventRounds "7"]
[EventCountry "HUN"]
[SourceTitle "EXT 2024"]
[Source "ChessBase"]
[SourceDate "2023.10.10"]
[SourceVersion "1"]
[SourceVersionDate "2023.10.10"]
[SourceQuality "1"]

1. d4 Nf6 2. Nc3 g6 3. e4 d6 4. Be3 Bg7 5. Qd2 Nc6 6. f3 0-0 7. a3 a6 8. Bd3 b5 9. Nce2 Re8 10. h4 e5 11. d5 Ne7 12. Bg5 c5 13. dxc6 Nxc6 14. Ng3 Qb6 15. h5 Be6 16. hxg6 fxg6 17. c3 Rac8 18. Be3 Qb7 19. Nh3 Na5 20. Bc2 Nc4 21. Qc1 Nxe3 22. Qxe3 Re7 23. Ng5 Rcc7 24. Nxe6 Rxe6 25. Bb3 d5 26. Rd1 Rd6 27. exd5 Nxd5 28. Qe4 Rcd7 29. 0-0 Kh8 30. Rd3 Qa7+ 31. Kh1 Nf4 32. Rxd6 Rxd6 33. Rd1 Rxd1+ 34. Bxd1 h6 35. Qc2 Qe3 36. Ne4 Qe1+ 1/2-1/2